000 nam a22 7a 4500
999 _c22943
_d22943
008 170125b xxu||||| |||| 00| 0 eng d
020 _a9780534920722
050 _aHF 5686 .C8B54 1990
100 _aBierman,Harold
_d1990
245 _aCost Accounting /
_bConcepts and Managerial Applications
_cHarold Bierman
260 _aBoston:
_bPSW-Kent,
_c1990.
300 _avi,396p.:
_c29cm.
500 _aincludes bibliographical references and index.
650 _2Managerial Accounting
700 _aThomas R.Dyckman
700 _aRonald W. Hilton
942 _2lcc
_cBOOKS
_hHF 5686 .C8B54 1990
_k30583